000 00481nam a2200193Ia 4500
005 20250603145344.0
008 250603s9999 xx 000 0 und d
020 _a9780323328524
050 _aRT 41 .L49/
100 _aLewis, Sharon L.
245 0 _aMedical surgical nursing: assessment and management of clinical problems
250 _a10th ed.
260 _aCanada
260 _bElsevier Inc.
260 _c2017
300 _a1670 p
650 _aCanada
942 _cBK
999 _c41619
_d41619